La Ciudadanía pide la palabra /
Guardat en:
| Autor principal: | |
|---|---|
| Autor corporatiu: | , |
| Altres autors: | |
| Format: | Text |
| Publicat: |
Tegucigalpa:
CEDOH
|
| Matèries: | |
| Etiquetes: |
Afegir etiqueta
Sense etiquetes, Sigues el primer a etiquetar aquest registre!
|
MARC
| LEADER | 00000 a a2200000 04500 | ||
|---|---|---|---|
| 001 | 29552 | ||
| 003 | |||
| 040 | |||
| 090 | |a 192601 | ||
| 100 | |a McDonald, Allan | ||
| 110 | |a CEDOH | ||
| 245 | |a La Ciudadanía pide la palabra / |c CEDOH | ||
| 260 | |a Tegucigalpa: |b CEDOH | ||
| 300 | |a 250 p | ||
| 650 | |a DESASTRES | ||
| 650 | |a CONSECUENCIAS ECONOMICAS | ||
| 650 | |a CONSECUENCIAS SOCIALES | ||
| 650 | |a CONFLICTOS POLITICOS | ||
| 650 | |a DESARROLLO ECONOMICO Y SOCIAL | ||
| 700 | |a comp | ||
| 710 | |a Foro Ciudadano | ||
| 999 | |c 3415 |d 3415 | ||
